সানাউল হক রচনাবলী / (Record no. 39087)
[ view plain ]
| 000 -LEADER | |
|---|---|
| fixed length control field | 01208nam a2200289 a 4500 |
| 001 - CONTROL NUMBER | |
| control field | 39087 |
| 003 - CONTROL NUMBER IDENTIFIER | |
| rucl marc code | BD-RjUL |
| 005 - DATE AND TIME OF LATEST TRANSACTION | |
| control field | 20211209052920.0 |
| 008 - FIXED-LENGTH DATA ELEMENTS--GENERAL INFORMATION | |
| fixed length control field | 160404s1998 bg ||||| |||| 00| 0 ben d |
| 020 ## - INTERNATIONAL STANDARD BOOK NUMBER | |
| International Standard Book Number | 9840737953 (v-1) |
| Terms of availability | : Tk.200.00 |
| International Standard Book Number | 9840742930 (v-2) |
| Terms of availability | : Tk.200.00 |
| 035 ## - SYSTEM CONTROL NUMBER | |
| System control number | (BD-RjUL)39199 |
| 040 ## - CATALOGING SOURCE | |
| Original cataloging agency | BD-RjUL |
| Language of cataloging | ben |
| Transcribing agency | BD-RjUL |
| 041 ## - LANGUAGE CODE | |
| Language code of text/sound track or separate title | ben |
| 082 ## - DEWEY DECIMAL CLASSIFICATION NUMBER | |
| Edition number | 23 |
| Classification number | 891.44408 |
| Author mark and year | HUS 1998, 2002 |
| 100 ## - MAIN ENTRY--PERSONAL NAME | |
| Personal name | হক, সানাউল |
| 9 (RLIN) | 118730 |
| 245 10 - TITLE STATEMENT | |
| Title | সানাউল হক রচনাবলী / |
| Statement of responsibility, etc. | সানাউল হক , সম্পাদিত বিশ্বজিৎ ঘোষ |
| 260 ## - PUBLICATION, DISTRIBUTION, ETC. (IMPRINT) | |
| Place of publication, distribution, etc. | ঢাকা : |
| Name of publisher, distributor, etc. | বাংলা একাডেমী , |
| Date of publication, distribution, etc. | ২০০২, ১৯৯৮ |
| 300 ## - PHYSICAL DESCRIPTION | |
| Pagination | খন্ড ; |
| Size | ২২ সেমি. |
| 490 ## - SERIES STATEMENT | |
| Series statement | বা এ ; |
| Volume/sequential designation | ৩৭৮৬ |
| Series statement | বা এ ; |
| Volume/sequential designation | ৪২৮৪ |
| 504 ## - BIBLIOGRAPHY, ETC. NOTE | |
| Bibliography, etc | গ্রন্থপঞ্জি সংযুক্ত |
| 505 ## - FORMATTED CONTENTS NOTE | |
| Formatted contents note | খন্ড ১ - - খন্ড ২ - - |
| 650 ## - SUBJECT ADDED ENTRY--TOPICAL TERM | |
| Topical term or geographic name as entry element | বাংলা প্রবন্ধ |
| 9 (RLIN) | 120628 |
| Form subdivision | সংগ্রহ |
| Topical term or geographic name as entry element | Bengali Essays |
| 9 (RLIN) | 120629 |
| Form subdivision | Collection |
| 700 ## - ADDED ENTRY--PERSONAL NAME | |
| Personal name | ঘোষ, বিশ্বজিৎ, সম্পাদক |
| 942 ## - ADDED ENTRY ELEMENTS (KOHA) | |
| Source of classification or shelving scheme | Dewey Decimal Classification |
| Koha item type | Books |
| Lost status | Source of classification or shelving scheme | Damaged status | Not for loan | Collection code | Permanent Location | Current Location | Shelving location | Date acquired | Source of acquisition | Cost, normal purchase price | Total Checkouts | Full call number | Date last seen | Copy number | Koha item type |
|---|---|---|---|---|---|---|---|---|---|---|---|---|---|---|---|
| Dewey Decimal Classification | Not For Loan | Non-fiction | Central Library, University of Rajshahi | Central Library, University of Rajshahi | Reading Room | 24/06/2013 | Bangla Academy, Dhaka | 200.00 | B 891.44408 HUS V-1 1998 | 04/04/2016 | C-1 | Books | |||
| Dewey Decimal Classification | Non-fiction | Central Library, University of Rajshahi | Central Library, University of Rajshahi | 24/06/2013 | Bangla Academy, Dhaka | 200.00 | B 891.44408 HUS V-1 1998 | 04/04/2016 | C-2 | Books | |||||
| Dewey Decimal Classification | Non-fiction | Central Library, University of Rajshahi | Central Library, University of Rajshahi | 24/06/2013 | Bangla Academy, Dhaka | 200.00 | B 891.44408 HUS V-1 1998 | 04/04/2016 | C-3 | Books | |||||
| Dewey Decimal Classification | Not For Loan | Non-fiction | Central Library, University of Rajshahi | Central Library, University of Rajshahi | Reading Room | 23/06/2013 | Bangla Academy, Dhaka | 240.00 | B 891.44408 HUS V-2 2002 | 04/04/2016 | C-1 | Books | |||
| Dewey Decimal Classification | Non-fiction | Central Library, University of Rajshahi | Central Library, University of Rajshahi | 23/06/2013 | Bangla Academy, Dhaka | 240.00 | B 891.44408 HUS V-2 2002 | 04/04/2016 | C-2 | Books | |||||
| Dewey Decimal Classification | Non-fiction | Central Library, University of Rajshahi | Central Library, University of Rajshahi | 23/06/2013 | Bangla Academy, Dhaka | 240.00 | B 891.44408 HUS V-2 2002 | 04/04/2016 | C-3 | Books | |||||
| Dewey Decimal Classification | Non-fiction | Central Library, University of Rajshahi | Central Library, University of Rajshahi | 16/04/2016 | Biddashagor, Rajshahi | 200.00 | B 891.44408 HUS V-1 1998 | 19/04/2016 | C-4 | Books | |||||
| Dewey Decimal Classification | Non-fiction | Central Library, University of Rajshahi | Central Library, University of Rajshahi | 16/04/2016 | Biddashagor, Rajshahi | 200.00 | B 891.44408 HUS V-1 1998 | 19/04/2016 | C-5 | Books | |||||
| Dewey Decimal Classification | Non-fiction | Central Library, University of Rajshahi | Central Library, University of Rajshahi | 16/04/2016 | Biddashagor, Rajshahi | 200.00 | B 891.44408 HUS V-1 1998 | 19/04/2016 | C-6 | Books | |||||
| Dewey Decimal Classification | Non-fiction | Central Library, University of Rajshahi | Central Library, University of Rajshahi | 16/04/2016 | Biddashagor, Rajshahi | 240.00 | B 891.44408 HUS V-2 2002 | 19/04/2016 | C-4 | Books | |||||
| Dewey Decimal Classification | Non-fiction | Central Library, University of Rajshahi | Central Library, University of Rajshahi | 16/04/2016 | Biddashagor, Rajshahi | 240.00 | B 891.44408 HUS V-2 2002 | 19/04/2016 | C-5 | Books | |||||
| Dewey Decimal Classification | Non-fiction | Central Library, University of Rajshahi | Central Library, University of Rajshahi | 16/04/2016 | Biddashagor, Rajshahi | 240.00 | B 891.44408 HUS V-2 2002 | 19/04/2016 | C-6 | Books |